000 00460nam a22001937a 4500
003 MPLRDC
005 20220104142428.0
008 210129b ||||| |||| 00| 0 eng d
020 _a957-39-0110-2
082 _a857.45 GY-24 v.4
100 _a高阳
245 _a花魁
_c
250 _a八版
260 _a
_b远景出版事业公司
_c1998
300 _b
490 _a高阳作品集. 4
650 _a历史小说
942 _cBK
_o857.45 GY-24 v.4
999 _c30833
_d30823